000 01145cam a2200313 a 4500
999 _c529475
_d529475
001 3316187
003 NUST
005 20190926140421.0
008 850104s1984 dcua 000 0 eng
010 _a 84052856
020 _a0309038715 (pbk.) :
_c$8.00
038 _aMSOHAIL
040 _aDLC
_cDLC
_dDLC
043 _an-us---
050 0 0 _aHE355.3.U8
_bR55 1984
082 0 0 _a625.7
_219
100 1 _aRiley, Orrin.
_921140
245 1 0 _aReducing construction conflicts between highways and utilities /
_cOrrin Riley.
260 _aWashington, D.C. :
_bTransportation Research Board, National Research Council,
_c[1984]
300 _a73 p. :
_bill. ;
_c28 cm.
440 0 _aSynthesis of highway practice,
_x0547-5570 ;
_v115
_921614
500 _a"December 1984."
650 0 _aPublic utilities
_xRight of way
_zUnited States.
_921615
650 0 _aRoads
_xRight of way
_zUnited States.
_921616
650 0 _aRoad construction industry
_zUnited States
_xManagement.
_921617
710 2 _aNational Research Council (U.S.).
_bTransportation Research Board.
_919676
906 _a7
_bcbc
_corignew
_d3
_eocip
_f19
_gy-gencatlg
942 _2ddc
_cBK